Joueurs brésiliens ayant joué à l'Olympique de Marseille - Statistiques

Statistiques générales
  • Ce quiz a été pris 35 fois
  • Le résultat moyen est 9 sur 27
Statistiques - réponses
Année d'arrivée Année de départ Club précédant Club suivant Nombre de match Joueurs % Correct
2025 En cours Feyenoord Rotterdam En cours 37 Igor Paixão
91%
2020 2025 Botafogo FR Inter Milan 108 Luis Henrique
85%
2017 2019 VFL Wolfsburg Fenerbahce 98 Luiz Gustavo
79%
2021 2023 CR Flamengo CR Flamengo 61 Gerson
76%
2023 2024 Atlético de Madrid Al-Hilal SFC 23 Renan Lodi
74%
2009 2012 Shakhtar Donetsk AS Saint-Etienne 116 Brandão
71%
2008 2011 RC Lens Montpellier Hérault SC 81 Vitorino Hilton
56%
2015 2016 Real Madrid Real Madrid 33 Lucas Silva
50%
2014 2015 Botafogo FR FC São Paulo 33 Matheus Dória
50%
2021 2022 Santos FC Fenerbahce 50 Luan Peres
35%
1993 1994 Servette FC AS Monaco 24 Sonny Anderson
32%
1989 1992 SL Benfica SL Benfica 118 Carlos Mozer
29%
1974 1975 Botafogo FR Kaizer Chiefs 25 Jairzinho
26%
2005 2006 SL Benfica SL Benfica 24 André Luis
21%
2001 2004 Goiás EC SC Internacional 73 Fernandão
18%
2001 2002 CD Tenerife CD Tenerife 26 André Luiz
15%
2004 2005 FC Girondins de Bordeaux Espanyol de Barcelone 32 Eduardo Costa
15%
1974 1975 CR Flamengo Fluminense FC 37 Paulo César
15%
2000 2001 FC São Paulo Grêmio Porto Alegre 21 Marcelinho
12%
2004 2006 SC Bastia ES Troyes AC 85 Demetrius Ferreira
9%
2001 2001 Goiás EC Goiás EC 5 Dill
9%
1955 1956 Nîmes Olympique Olympique Lyonnais 31 Constantino
3%
2000 2001 Atlético Paranaense Atlético Paranaense 14 Adriano Gabirú
0%
1998 1999 SC Recife SC Recife 14 Edson Canhão
0%
1936 1939 Sporting CP Académico FC 29 Jaguaré
0%
2004 2006 CR Flamengo Tombese FC 0 Léo Matos
0%
1957 1958 Red Star FC CA Paris 22 Yeso Amalfi
0%
Aucun quiz correspondant
Distribution des résultats
% des personnes avec chaque résultat
Percentile par nombre de réponses
Votre historique - résultats
Vous n’avez pas pris ce quiz